[Event "WJCC U20 Girls 2019"]
[Site "New Delhi"]
[Date "2019.10.25"]
[Round "11.35"]
[White "Jain Nityata"]
[Black "Dahampriya, H K T Dewnethmie"]
[Result "1-0"]
[WhiteElo "2029"]
[BlackElo "1629"]
[Annotator "NA"]
[PlyCount "67"]
[EventDate "2019.10.15"]
[EventType "swiss"]
[EventCountry "IND"]
[SourceTitle "playchess.com"]
[Source "ChessBase"]
[SourceQuality "1"]

1. e4 c5 2. Nf3 d6 3. Bb5+ Nd7 4. O-O a6 5. Bd3 g6 6. c3 Bg7 7. Bc2 b5 8. d4 cxd4 9. cxd4 Bb7 10. Re1 Ngf6 11. a4 b4 12. a5 e5 13. Bd2 b3 14. Bxb3 Nxe4 15. Bxf7+ Kf8 16. Bb3 exd4 17. Bb4 Qf6 18. Nbd2 Nec5 19. Bc4 d5 20. Bd3 Kg8 21. Nb3 Ne6 22. Rc1 h6 23. Bd6 Kh7 24. Ne5 Nf4 25. Rc7 Bc8 26. Be7 Qxe7 27. Nxg6 Qxe1+ 28. Qxe1 Nxd3 29. Qe2 Kxg6 30. Qxd3+ Kf7 31. Qf5+ Ke8 32. Qxd5 Rb8 33. Nc5 Nxc5 34. Qf7+ 1-0

[Event "WJCC U20 Girls 2019"]
[Site "New Delhi"]
[Date "2019.10.25"]
[Round "11.36"]
[White "Levitan, Ronit"]
[Black "Mirza, Diana"]
[Result "1-0"]
[WhiteElo "1893"]
[BlackElo "1986"]
[Annotator "NA"]
[PlyCount "73"]
[EventDate "2019.10.15"]
[EventType "swiss"]
[EventCountry "IND"]
[SourceTitle "playchess.com"]
[Source "ChessBase"]
[SourceQuality "1"]

1. e4 c5 2. c3 d5 3. exd5 Qxd5 4. d4 Nc6 5. Nf3 Bf5 6. Be2 cxd4 7. cxd4 Bxb1 8. Rxb1 e6 9. O-O Be7 10. Be3 Bf6 11. Qa4 Nge7 12. b4 O-O 13. b5 Nd8 14. Nd2 Qf5 15. Bf3 Nd5 16. Rbc1 Be7 17. Ne4 a5 18. Nc3 Nxe3 19. fxe3 Qg5 20. Rfe1 f5 21. a3 Rf6 22. b6 Rh6 23. g3 Bd6 24. Qd7 Nf7 25. Nb5 Rd8 26. Rc8 Bf8 27. Rxd8 Nxd8 28. Nd6 Bxd6 29. Qxd6 Kf7 30. Qc7+ Ke8 31. Bxb7 Qh5 32. Bc6+ Nxc6 33. Qxc6+ Ke7 34. Qg2 e5 35. Rb1 Qg5 36. b7 Qxe3+ 37. Qf2 1-0

[Event "WJCC U20 Girls 2019"]
[Site "New Delhi"]
[Date "2019.10.25"]
[Round "11.37"]
[White "Jayaweera, Sayuni Gihansa"]
[Black "Chandreyee, Hajra"]
[Result "0-1"]
[WhiteElo "1788"]
[BlackElo "2024"]
[Annotator "NA"]
[PlyCount "72"]
[EventDate "2019.10.15"]
[EventType "swiss"]
[EventCountry "IND"]
[SourceTitle "playchess.com"]
[Source "ChessBase"]
[SourceQuality "1"]

1. d4 d5 2. c4 e6 3. Nf3 Nf6 4. g3 dxc4 5. Bg2 c5 6. O-O Nc6 7. Qa4 Bd7 8. Qxc4 b5 9. Qd3 c4 10. Qd1 Rc8 11. Nc3 b4 12. d5 bxc3 13. dxc6 Bxc6 14. bxc3 Qxd1 15. Rxd1 Ba4 16. Re1 Ne4 17. Rb1 Bc5 18. Be3 Bxe3 19. fxe3 Nxc3 20. Rb7 a6 21. Ne5 O-O 22. a3 f6 23. Nf3 Nd1 24. Bh3 f5 25. Nd4 c3 26. Rb1 Nxe3 27. Rec1 e5 28. Rb4 exd4 29. Rxa4 Rfd8 30. Rxa6 g6 31. Kf2 c2 32. Ke1 d3 33. exd3 Rxd3 34. Ke2 Rd1 35. Rxc2 Rxc2+ 36. Kxe3 Rxh2 0-1

[Event "WJCC U20 Girls 2019"]
[Site "New Delhi"]
[Date "2019.10.25"]
[Round "11.38"]
[White "Vlkova, Anezka"]
[Black "Rathi Dhanashree"]
[Result "1-0"]
[WhiteElo "1972"]
[BlackElo "1692"]
[Annotator "NA"]
[PlyCount "112"]
[EventDate "2019.10.15"]
[EventType "swiss"]
[EventCountry "IND"]
[SourceTitle "playchess.com"]
[Source "ChessBase"]
[SourceQuality "1"]

1. e4 c5 2. Nc3 e6 3. g3 Nc6 4. Bg2 Nf6 5. Nge2 Be7 6. O-O O-O 7. d3 a6 8. a4 Qc7 9. f4 d6 10. h3 Rb8 11. g4 Nd7 12. g5 Qd8 13. Ng3 Re8 14. h4 b5 15. axb5 axb5 16. f5 Nce5 17. Bf4 b4 18. Na4 exf5 19. Nxf5 Nf8 20. Nxc5 Nfg6 21. Nb3 Bxf5 22. exf5 Nxh4 23. d4 Nxg2 24. Kxg2 Nc4 25. Qh5 g6 26. Qh6 Bf8 27. Qh3 Re2+ 28. Rf2 Qe7 29. Qf3 Re8 30. f6 Qe4 31. Rxe2 Qxe2+ 32. Qxe2 Rxe2+ 33. Kf3 Rxc2 34. Ra8 Rxb2 35. Na5 Ra2 36. Rxf8+ Kxf8 37. Nxc4 b3 38. Bxd6+ Ke8 39. Ba3 Kd7 40. Bb2 Ke6 41. Ke4 Ra7 42. d5+ Kd7 43. Kd4 Rb7 44. Ne5+ Ke8 45. Kc4 Rb8 46. Nc6 Rb7 47. Nb4 Kd7 48. Kxb3 Kd6 49. Kc4 Rxb4+ 50. Kxb4 Kxd5 51. Kb5 Kd6 52. Kb6 Kd7 53. Ba3 Ke6 54. Kc7 Kf5 55. Bc1 Ke6 56. Kd8 Kd5 1-0

[Event "WJCC U20 Girls 2019"]
[Site "New Delhi"]
[Date "2019.10.25"]
[Round "11.39"]
[White "Onur, Cigdem"]
[Black "Abdala Cancino, Patricia Anastas"]
[Result "1-0"]
[WhiteElo "1913"]
[BlackElo "1608"]
[Annotator "NA"]
[PlyCount "113"]
[EventDate "2019.10.15"]
[EventType "swiss"]
[EventCountry "IND"]
[SourceTitle "playchess.com"]
[Source "ChessBase"]
[SourceQuality "1"]

1. e4 e5 2. Nf3 Nc6 3. Nc3 Nf6 4. Bb5 Bb4 5. O-O O-O 6. d3 d6 7. Bg5 Bxc3 8. bxc3 h6 9. Bh4 Bg4 10. h3 Bd7 11. Qd2 a6 12. Ba4 b5 13. Bb3 Na5 14. Rae1 Nxb3 15. cxb3 Kh7 16. d4 Qe7 17. dxe5 dxe5 18. Bg3 Rad8 19. Qc2 b4 20. c4 Bc6 21. Nxe5 Bxe4 22. Rxe4 Nxe4 23. Qxe4+ f5 24. Qc2 Qf6 25. f4 Rd6 26. Rd1 Rxd1+ 27. Qxd1 Rd8 28. Qe2 c5 29. Bf2 g5 30. fxg5 hxg5 31. Bxc5 a5 32. Kh2 Kh6 33. Be7 Rd2 34. Bxf6 Rxe2 35. Nf3 g4 36. Nd4 Rxa2 37. h4 Kg6 38. Bg5 a4 39. bxa4 Rxa4 40. Bd2 b3 41. Nxb3 Rxc4 42. Nc1 Rc2 43. Bg5 Kf7 44. Nd3 Ke6 45. Nf4+ Ke5 46. h5 Rc7 47. h6 Rh7 48. Ng6+ Ke4 49. Kg3 Rf7 50. Bf4 Rb7 51. Kh4 Rb2 52. h7 Rb1 53. h8=Q Rh1+ 54. Kg5 Rxh8 55. Nxh8 Kd3 56. g3 Ke4 57. Nf7 1-0

[Event "WJCC U20 Girls 2019"]
[Site "New Delhi"]
[Date "2019.10.25"]
[Round "11.40"]
[White "Shivika Rohilla"]
[Black "Noshin, Anjum"]
[Result "1/2-1/2"]
[WhiteElo "1721"]
[BlackElo "1793"]
[Annotator "NA"]
[PlyCount "94"]
[EventDate "2019.10.15"]
[EventType "swiss"]
[EventCountry "IND"]
[SourceTitle "playchess.com"]
[Source "ChessBase"]
[SourceQuality "1"]

1. e4 e5 2. Nf3 Nc6 3. Bb5 a6 4. Ba4 Nf6 5. d3 b5 6. Bb3 Bc5 7. O-O d6 8. c3 O-O 9. Nbd2 h6 10. Re1 Bb6 11. Nf1 Ne7 12. Ng3 Re8 13. h3 Ng6 14. a4 Rb8 15. axb5 axb5 16. d4 Bb7 17. d5 c6 18. dxc6 Bxc6 19. Bc2 Qc7 20. Be3 Bxe3 21. fxe3 Red8 22. Qb1 Ne7 23. Bd3 d5 24. exd5 Bxd5 25. Ne4 Nh5 26. g4 Bxe4 27. Bxe4 Nf6 28. Qc2 Qc4 29. Ra7 Nc8 30. Ra8 Rxa8 31. Bxa8 Nb6 32. b3 Qc7 33. Be4 Nxe4 34. Qxe4 Qxc3 35. Qxe5 Qxe5 36. Nxe5 Rd5 37. Nf3 Rd3 38. Nd4 Nd5 39. Nxb5 Rxb3 40. Nd4 Rxe3 41. Rxe3 Nxe3 42. Kf2 Nd5 43. Nf5 Kh7 44. h4 g6 45. Nd6 Kg7 46. Kf3 Kf6 47. Ke4 Ne7 1/2-1/2

[Event "WJCC U20 Girls 2019"]
[Site "New Delhi"]
[Date "2019.10.25"]
[Round "11.41"]
[White "Lohani, Sujana"]
[Black "Arushi Kotwal"]
[Result "1-0"]
[WhiteElo "1671"]
[BlackElo "1657"]
[Annotator "NA"]
[PlyCount "101"]
[EventDate "2019.10.15"]
[EventType "swiss"]
[EventCountry "IND"]
[SourceTitle "playchess.com"]
[Source "ChessBase"]
[SourceQuality "1"]

1. d4 Nf6 2. c4 g6 3. Nf3 d5 4. e3 Bg7 5. Nc3 O-O 6. Be2 c6 7. b4 a5 8. b5 c5 9. Ba3 cxd4 10. exd4 dxc4 11. Bxc4 Bg4 12. Be2 Nd5 13. Nxd5 Qxd5 14. O-O Bf6 15. Qd3 Rd8 16. Rfd1 Nd7 17. h3 Bf5 18. Qd2 Nf8 19. Rac1 Rdc8 20. Rc5 Qd8 21. Bc4 b6 22. Rxc8 Rxc8 23. Bb3 Be4 24. Ne5 Bd5 25. Qe3 Ne6 26. Ng4 Bg5 27. Qe5 Bxb3 28. axb3 h5 29. Ne3 Bf6 30. Qd5 Nxd4 31. Qe4 e5 32. Nd5 Kg7 33. Rd3 Rb8 34. f4 Qe8 35. Nxf6 Kxf6 36. fxe5+ Qxe5 37. Qxd4 Qxd4+ 38. Rxd4 Re8 39. Rd6+ Re6 40. Kf2 Ke5 41. Rxe6+ fxe6 42. Ke3 Kd5 43. h4 e5 44. Be7 e4 45. g3 a4 46. bxa4 Kc4 47. Kxe4 Kb3 48. a5 bxa5 49. b6 a4 50. b7 a3 51. Bxa3 1-0

[Event "WJCC U20 Girls 2019"]
[Site "New Delhi"]
[Date "2019.10.25"]
[Round "11.42"]
[White "Yaakub, Nov Genevia Pslam"]
[Black "Aouachria, Marwa"]
[Result "0-1"]
[WhiteElo "1316"]
[BlackElo "1839"]
[Annotator "NA"]
[PlyCount "60"]
[EventDate "2019.10.15"]
[EventType "swiss"]
[EventCountry "IND"]
[SourceTitle "playchess.com"]
[Source "ChessBase"]
[SourceQuality "1"]

1. e4 c5 2. Nf3 d6 3. d4 cxd4 4. Nxd4 Nf6 5. Nc3 a6 6. Be3 e6 7. Be2 Qc7 8. O-O b5 9. a3 Bb7 10. Bd3 Nbd7 11. Nb3 Be7 12. h3 O-O 13. f4 Rac8 14. Qe2 Nc5 15. Nxc5 dxc5 16. Qf3 c4 17. Be2 Bc5 18. Kh1 Qb6 19. Bxc5 Qxc5 20. Rad1 Rcd8 21. Rxd8 Rxd8 22. Rd1 Rxd1+ 23. Bxd1 Qd4 24. f5 Nxe4 25. Nxe4 Bxe4 26. Qg4 exf5 27. Qe2 Qxb2 28. Qe3 Qa1 29. Qd2 h6 30. Kh2 Qxa3 0-1

[Event "WJCC U20 Girls 2019"]
[Site "New Delhi"]
[Date "2019.10.25"]
[Round "11.43"]
[White "Reid, Caitlin"]
[Black "Rousseau, Christilla"]
[Result "0-1"]
[WhiteElo "1489"]
[BlackElo "1648"]
[Annotator "NA"]
[PlyCount "68"]
[EventDate "2019.10.15"]
[EventType "swiss"]
[EventCountry "IND"]
[SourceTitle "playchess.com"]
[Source "ChessBase"]
[SourceQuality "1"]

1. e4 c6 2. d4 d5 3. e5 Bf5 4. Ne2 e6 5. Ng3 Bg6 6. Bd3 Bxd3 7. Qxd3 Nd7 8. O-O c5 9. c3 cxd4 10. cxd4 Ne7 11. Nc3 Nc6 12. a3 Qb6 13. Nce2 Be7 14. Re1 a5 15. Be3 a4 16. Nc3 Qa6 17. Nb5 O-O 18. Rad1 Rfc8 19. Nh5 Bf8 20. Bf4 Ne7 21. Re3 Ng6 22. Rg3 Qc6 23. Nd6 Bxd6 24. exd6 Qc2 25. Qxc2 Rxc2 26. Rc3 Rxc3 27. bxc3 Nxf4 28. Nxf4 Rc8 29. Ne2 Rc6 30. Rb1 Rb6 31. Rb4 Rxb4 32. cxb4 Kf8 33. Nc3 Nb6 34. Kf1 Ke8 0-1